000 01075cam a22002054a 4500
005 20250605163924.0
008 250528s ||||||||||||||||||||||||d
035 _a14471
020 _a53453662
040 _aGR-AtMCL
_bgre
_dGR-AtMCL
_eAACR2
245 1 _aTheory and Practise of Counselling and Psychotherapy / Seventh Edition
250 _a7th
260 _bThomson,
_c2005
300 _a558
520 _aPreface, Basic Issues in Counselling Practice, Introduction and Overview, The Counselor: Person and Professional, Ethical Issues in Counselling Practice, Theories and Techniques of Counselling, Psychoanalytic Therapy, Adlerian Therapy, Existential Therapy, Person-Centered Therapy, Gestalt Therapy, Behavior Therapy, Cognitive Behavior Therapy, Reality Therapy, Feminst Therapy, Postmodern Approaches, Family Systems Therapy, Integration and Application, An Integrative Perspective, Case Illustration: An Integrative Approach in Working with Stan, Author and Subject Index.
700 1 _aCorey Gerald
_9155
942 _cBK
999 _c101
_d101